Analýza strukturálních změn

Salvato in:
Dettagli Bibliografici
Autore principale: Pozdniaková, Irina
Altri autori: Bezděková, Zuzana
Natura: Libro
Lingua:ceco
Pubblicazione: Praha Výzkumný ústav soc. ekon. inform. 1984
Serie:Metodická příručka č. 1
Tags: Aggiungi Tag
Nessun Tag, puoi essere il primo ad aggiungerne!!

MARC

LEADER 00000nam a2200000 4500
001 c106888
005 20150325105441.5
041 0 |a cze 
044 |a CZ 
245 1 0 |a Analýza strukturálních změn  |c Irina Pozdniaková, Zuzana Bezděková 
264 1 |a Praha  |b Výzkumný ústav soc. ekon. inform.  |c 1984 
300 |a 128 s. 
490 1 |a Metodická příručka  |v č. 1 
830 0 |a Metodická příručka  |v č. 1 
100 1 |a Pozdniaková, Irina 
700 1 |a Bezděková, Zuzana